000 00540cam a22002054a 4500
005 20251230112109.0
008 250528s ||||||||||||||||||||||||d
035 _a21606
020 _a9789600114393
040 _aGR-AtMCL
_bgre
_dGR-AtMCL
_eAACR2
245 1 _aΕΞΕΛΙΚΤΙΚΗ ΨΥΧΟΛΟΓΙΑ / Δια βίου μάθηση
250 _a1
260 _bGutenberg,
_c2011
300 _a895
520 _aΕΝΙΑΙΟΣ ΤΟΜΟΣ
700 1 _aFeldman, Robert S.
_93220
942 _cBK
999 _c6667
_d6667